2001-2002 Los Angeles Lakers Lineup - Statistics

General Stats
  • This quiz has been taken 107 times
  • The average score is 6 of 15
Answer Stats
Position Player % Correct
SG Kobe Bryant
100%
C Shaquille O’Neal
93%
PG Derek Fisher
91%
SF Rick Fox
76%
PF Robert Horry
73%
SF Devean George
31%
PF Samaki Walker
28%
PG Brian Shaw
27%
PF Mark Madsen
22%
PG Lindsey Hunter
19%
SG Mitch Richmond
14%
C Stanislav Medvedenko
12%
C Jelani McCoy
9%
PG Joe Crispin
7%
PG Mike Penberthy
7%
No matching quizzes found
Score Distribution
Percent of People with Each Score
Percentile by Number Answered
Your Score History
You have not taken this quiz